| 000 | 00366nam a22001457a 4500 | ||
|---|---|---|---|
| 020 | _a9788121921992 | ||
| 082 |
_a621.3815 _bTHE/PR |
||
| 100 | _aTheraja, B.L | ||
| 245 | _aPrinciples of electronic devices and circuits (Analog and digital) | ||
| 250 | _arev | ||
| 260 |
_aNew Delhi _bS.Chand & Company _c2012 |
||
| 300 | _a593 | ||
| 700 | _aSedha,R.S | ||
| 942 | _cBK | ||
| 999 |
_c13895 _d13895 |
||